| 000 | 01069nam0a2200289 4500 | ||
|---|---|---|---|
| 001 | RU\NLR\b_ik\191928 | ||
| 005 | 20250616231129.0 | ||
| 010 |
_a978-5-9925-0671-6 _91500 |
||
| 035 | _a(NLR Aleph) 002264377 | ||
| 090 |
_a3863418 _c3863418 |
||
| 100 | _a20111010d2011 |||y0rusy50 ca | ||
| 101 | 0 | _ager | |
| 102 | _aRU | ||
| 105 | _ay ||||||||| | ||
| 200 | 1 |
_aDer Prozess _e[книга для чтения на немецком языке] _fвступ. ст., коммент. и слов. Н.Л. Гильченок |
|
| 210 |
_aСанкт-Петербург _cКАРО _d2011 |
||
| 215 |
_a315, [2] с. _d16 |
||
| 225 | 1 |
_aDeutsch _iModerne Prosa |
|
| 300 | _aВ вып. дан.: Процесс / Кафка Франц | ||
| 517 | 0 | _aПроцесс | |
| 606 | 1 |
_aНемецкий язык _jКниги для чтения _91063964 _3RU\NLR\AUTH\66413315 |
|
| 686 | 1 | _aШ143.24-93рус91 | |
| 700 | 1 |
_4070 _7ba _8ger _aKafka _bF. _f1883-1924 _gFranz _9194534 _3RU\NLR\AUTH\770194585 |
|
| 801 | 0 |
_aRU _bNLR _c20111010 _gRCR |
|
| 942 | _cBOOK | ||
| 980 | _aNB | ||